[Event "DVM U16 2022"]
[Site "Darmstadt GER"]
[Date "2022.12.28"]
[Round "4"]
[White "Lichtinger, Simon"]
[Black "Uhlmann, Tim"]
[Result "1-0"]
[Termination "normal"]
[Board "9.1"]
[WhiteElo "1517"]
[BlackElo "1745"]
[WhiteClock "00:57:59"]
[BlackClock "00:59:31"]
[WhiteTeam "FC Ergolding 1932 e.V."]
[BlackTeam "SF Neureut 1953 e.V."]
[PlyCount "65"]
[WhiteFideId "16230442"]
[BlackFideId "16239210"]
[EventCountry "GER"]
[EventRounds "7"]
[EventType "team-swiss"]
[EventDate "2022.12.26"]

1. Nf3 {[%clk 1:30:58]} Nf6 {[%clk 1:30:53]} 2. g3 {[%clk 1:31:19]} d5 {[%clk
1:30:48]} 3. Bg2 {[%clk 1:31:44]} c5 {[%clk 1:30:29]} 4. O-O {[%clk 1:32:07]}
Nc6 {[%clk 1:30:45]} 5. d3 {[%clk 1:32:32]} e6 {[%clk 1:30:57]} 6. Nbd2 {[%clk
1:32:54]} Be7 {[%clk 1:31:07]} 7. e4 {[%clk 1:33:11]} O-O {[%clk 1:31:12]} 8.
e5 {[%clk 1:33:23]} Nd7 {[%clk 1:30:54]} 9. Re1 {[%clk 1:33:46]} Qc7 {[%clk
1:30:41]} 10. Qe2 {[%clk 1:34:00]} b6 {[%clk 1:30:26]} 11. Nf1 {[%clk 1:34:23]}
Bb7 {[%clk 1:30:32]} 12. Bf4 {[%clk 1:34:11]} Rfe8 {[%clk 1:29:12]} 13. h4
{[%clk 1:30:06]} d4 {[%clk 1:25:11]} 14. N1h2 {[%clk 1:27:40]} b5 {[%clk
1:25:14]} 15. Ng4 {[%clk 1:24:46]} a5 {[%clk 1:20:24]} 16. Ng5 {[%clk 1:18:22]}
Bxg5 {[%clk 1:17:34]} 17. hxg5 {[%clk 1:15:45]} Qc8 {[%clk 1:09:07]} 18. Nf6
{[%clk 1:05:50]} gxf6 {[%clk 1:08:16]} 19. gxf6 {[%clk 1:06:13]} Kh8 {[%clk
1:07:34]} 20. Be4 {[%clk 1:04:03]} Nf8 {[%clk 1:05:29]} 21. Kg2 {[%clk
1:01:14]} Ng6 {[%clk 1:01:47]} 22. Rh1 {[%clk 1:01:14]} Nxf4 {[%clk 0:59:25]}
23. gxf4 {[%clk 1:01:37]} Rg8 {[%clk 0:59:50]} 24. Kf1 {[%clk 1:02:01]} Rg6
{[%clk 0:59:50]} 25. Rxh7 {[%clk 0:55:52]} Kxh7 {[%clk 0:59:31]} 26. Qh5 {[%clk
0:56:17]} Kg8 {[%clk 0:59:42]} 27. Bxg6 {[%clk 0:56:33]} fxg6 {[%clk 0:58:36]}
28. Qxg6 {[%clk 0:56:59]} Kf8 {[%clk 0:58:52]} 29. Qg7 {[%clk 0:57:13]} Ke8
{[%clk 0:59:16]} 30. f7 {[%clk 0:57:32]} Kd7 {[%clk 0:59:21]} 31. f8=Q {[%clk
0:57:54]} Ne7 {[%clk 0:59:10]} 32. Qgxe7 {[%clk 0:57:59]} Kc6 {[%clk 0:59:31]}
33. Qd6# 1-0

[Event "DVM U16 2022"]
[Site "Darmstadt GER"]
[Date "2022.12.28"]
[Round "4"]
[White "Scheinmaier, Mark"]
[Black "Klein, Maxim"]
[Result "1-0"]
[Termination "normal"]
[Board "9.2"]
[WhiteElo "1557"]
[BlackElo "1345"]
[WhiteClock "00:57:19"]
[BlackClock "01:19:54"]
[WhiteTeam "SF Neureut 1953 e.V."]
[BlackTeam "FC Ergolding 1932 e.V."]
[PlyCount "122"]
[WhiteFideId "16238958"]
[BlackFideId "16281632"]
[EventCountry "GER"]
[EventRounds "7"]
[EventType "team-swiss"]
[EventDate "2022.12.26"]

1. e4 c6 2. d4 d5 3. f3 e6 4. Nc3 Bb4 5. e5 Ne7 6. a3 Ba5 7. Bg5 Nd7 8. f4 Nf8
9. Bd3 Qc7 10. Bxe7 Qxe7 11. Qg4 g6 12. Nge2 Bd7 13. O-O h5 14. Qf3 O-O-O 15.
b4 Bc7 16. Rfb1 b5 17. a4 a6 18. axb5 axb5 19. Nc1 f5 20. Ra3 Bb6 21. N3e2 g5
22. c3 g4 23. Qe3 h4 24. Rba1 Kc7 25. Qd2 Bc8 26. Nb3 Bb7 27. Na5 Bxa5 28. Rxa5
Nd7 29. R1a3 Rhe8 30. Qa2 Qf8 31. Ra7 Ra8 32. h3 gxh3 33. Rxa8 Rxa8 34. Rxa8
Qxa8 35. Qxa8 Bxa8 36. gxh3 Nf8 37. Kf2 Ng6 38. Ke3 Kd7 39. Ng1 Bb7 40. Be2 Ke7
41. Bh5 Kf7 42. Nf3 Kg7 43. Bxg6 Kxg6 44. Nxh4 Kh5 45. Nf3 Bc8 46. Kf2 Bd7 47.
Kg3 Be8 48. Ng5 Bd7 49. Nh7 Bc8 50. Nf6 Kg6 51. Kh4 Bb7 52. Kg3 Bc8 53. h4 Bb7
54. h5 Kh6 55. Kh4 Ba8 56. Ng8 Kg7 57. Kg5 Kxg8 58. Kf6 Bb7 59. Kxe6 Bc8 60.
Kd6 Kh7 61. e6 Bxe6 1-0

[Event "DVM U16 2022"]
[Site "Darmstadt GER"]
[Date "2022.12.28"]
[Round "4"]
[White "Huber, Laura"]
[Black "Sanmugalingam, Kapirththan"]
[Result "1/2-1/2"]
[Termination "normal"]
[Board "9.3"]
[WhiteElo "1357"]
[BlackElo "1693"]
[WhiteClock "00:32:21"]
[BlackClock "00:45:35"]
[WhiteTeam "FC Ergolding 1932 e.V."]
[BlackTeam "SF Neureut 1953 e.V."]
[PlyCount "45"]
[WhiteFideId "16270940"]
[BlackFideId "34622950"]
[EventCountry "GER"]
[EventRounds "7"]
[EventType "team-swiss"]
[EventDate "2022.12.26"]

1. e4 {[%clk 1:30:58]} c5 {[%clk 1:30:53]} 2. Nc3 {[%clk 1:31:25]} Nc6 {[%clk
1:30:03]} 3. f4 {[%clk 1:31:45]} e6 {[%clk 1:29:44]} 4. Nf3 {[%clk 1:32:08]} d5
{[%clk 1:30:03]} 5. d3 {[%clk 1:31:36]} d4 {[%clk 1:21:53]} 6. Ne2 {[%clk
1:31:49]} Nf6 {[%clk 1:22:11]} 7. h3 {[%clk 1:28:16]} h5 {[%clk 1:20:57]} 8. g3
{[%clk 1:26:52]} Qc7 {[%clk 1:18:12]} 9. Bg2 {[%clk 1:26:42]} e5 {[%clk
1:15:53]} 10. fxe5 {[%clk 1:18:24]} Nxe5 {[%clk 1:15:56]} 11. Nxe5 {[%clk
1:18:09]} Qxe5 {[%clk 1:16:06]} 12. Bf4 {[%clk 1:17:42]} Qe6 {[%clk 1:16:19]}
13. Qd2 {[%clk 1:14:49]} Bd6 {[%clk 1:16:13]} 14. O-O {[%clk 1:10:27]} Bd7
{[%clk 1:10:30]} 15. Bxd6 {[%clk 0:56:32]} Qxd6 {[%clk 1:10:08]} 16. Qg5 {[%clk
0:54:21]} Nh7 {[%clk 0:52:48]} 17. Qxg7 {[%clk 0:50:48]} O-O-O {[%clk 0:52:33]}
18. Qxf7 {[%clk 0:48:19]} Ng5 {[%clk 0:51:24]} 19. Qf6 {[%clk 0:42:38]} Qxf6
{[%clk 0:48:44]} 20. Rxf6 {[%clk 0:43:07]} Nxh3 {[%clk 0:47:57]} 21. Kh2 {[%clk
0:36:07]} h4 {[%clk 0:46:33]} 22. Nf4 {[%clk 0:32:21]} hxg3 {[%clk 0:45:35]}
23. Kxg3 1/2-1/2

[Event "DVM U16 2022"]
[Site "Darmstadt GER"]
[Date "2022.12.28"]
[Round "4"]
[White "Braun, Justus"]
[Black "Paringer, Jakob"]
[Result "1-0"]
[Termination "normal"]
[Board "9.4"]
[WhiteElo "1251"]
[BlackElo "1298"]
[WhiteClock "01:19:00"]
[BlackClock "00:46:13"]
[WhiteTeam "SF Neureut 1953 e.V."]
[BlackTeam "FC Ergolding 1932 e.V."]
[PlyCount "83"]
[WhiteFideId "16239954"]
[BlackFideId "34605134"]
[EventCountry "GER"]
[EventRounds "7"]
[EventType "team-swiss"]
[EventDate "2022.12.26"]

1. e4 {[%clk 1:31:23]} e5 {[%clk 1:31:07]} 2. Nf3 {[%clk 1:31:46]} Nc6 {[%clk
1:31:20]} 3. Bc4 {[%clk 1:32:02]} Bc5 {[%clk 1:31:23]} 4. O-O {[%clk 1:32:15]}
d6 {[%clk 1:31:16]} 5. h3 {[%clk 1:32:32]} Nf6 {[%clk 1:31:17]} 6. Nc3 {[%clk
1:32:55]} O-O {[%clk 1:30:53]} 7. d3 {[%clk 1:32:59]} h6 {[%clk 1:30:41]} 8.
Ne2 {[%clk 1:32:58]} Be6 {[%clk 1:31:03]} 9. Bxe6 {[%clk 1:33:19]} fxe6 {[%clk
1:30:51]} 10. Be3 {[%clk 1:33:27]} Bb6 {[%clk 1:29:19]} 11. c3 d5 12. Bxb6
{[%clk 1:31:47]} axb6 {[%clk 1:29:28]} 13. exd5 {[%clk 1:29:31]} exd5 {[%clk
1:27:21]} 14. Re1 {[%clk 1:28:06]} Qd6 {[%clk 1:21:43]} 15. Ng3 {[%clk
1:27:38]} Rfe8 {[%clk 1:19:57]} 16. Qb3 {[%clk 1:24:55]} Kh8 {[%clk 1:15:34]}
17. Nd2 {[%clk 1:23:50]} d4 {[%clk 1:10:55]} 18. c4 {[%clk 1:23:54]} Re7 19.
Nf5 {[%clk 1:23:53]} Na5 {[%clk 1:10:24]} 20. Qc2 Qc5 21. Nxe7 {[%clk 1:24:10]}
Qxe7 {[%clk 1:08:32]} 22. Nf3 {[%clk 1:24:42]} Nc6 23. a3 {[%clk 1:24:43]} Re8
{[%clk 1:05:42]} 24. Re2 Nd7 {[%clk 1:02:53]} 25. Rae1 {[%clk 1:25:04]} Qf6
{[%clk 1:01:14]} 26. b4 {[%clk 1:23:55]} Nd8 {[%clk 1:00:08]} 27. Nxd4 c5
{[%clk 0:59:20]} 28. Nf3 {[%clk 1:23:08]} Nf7 29. Qb2 Kg8 {[%clk 0:53:51]} 30.
bxc5 {[%clk 1:22:39]} Nxc5 {[%clk 0:53:08]} 31. Qc2 {[%clk 1:17:46]} Qd6 32. d4
{[%clk 1:18:04]} Nd7 {[%clk 0:51:22]} 33. dxe5 {[%clk 1:18:24]} Nfxe5 {[%clk
0:50:15]} 34. Nxe5 Rxe5 {[%clk 0:49:13]} 35. Rxe5 {[%clk 1:17:50]} Nxe5 {[%clk
0:49:36]} 36. Qe4 {[%clk 1:17:58]} Nc6 {[%clk 0:48:09]} 37. Qd5 {[%clk
1:17:32]} Qxd5 {[%clk 0:47:52]} 38. cxd5 {[%clk 1:17:57]} Nd4 {[%clk 0:46:00]}
39. d6 {[%clk 1:18:12]} Nc6 {[%clk 0:46:13]} 40. d7 {[%clk 1:18:41]} Kf7 41.
Re7 {[%clk 1:19:00]} Ke8 42. Rxe8 1-0

[Event "DVM U16 2022"]
[Site "Darmstadt GER"]
[Date "2022.12.28"]
[Round "4"]
[White "Günther, Arthur"]
[Black "Hoffmann, Alexander"]
[Result "1-0"]
[Termination "normal"]
[Board "10.2"]
[WhiteElo "1633"]
[BlackElo "1635"]
[WhiteClock "00:17:12"]
[BlackClock "00:04:25"]
[WhiteTeam "SSV Vimaria 91 Weimar"]
[BlackTeam "Karlsruher SF 1853"]
[PlyCount "115"]
[WhiteFideId "16230078"]
[BlackFideId "16240219"]
[EventCountry "GER"]
[EventRounds "7"]
[EventType "team-swiss"]
[EventDate "2022.12.26"]

1. d4 {[%clk 1:30:58]} Nf6 {[%clk 1:30:54]} 2. Nf3 {[%clk 1:31:24]} e6 {[%clk
1:31:18]} 3. e3 {[%clk 1:31:34]} c5 {[%clk 1:31:24]} 4. Bd3 {[%clk 1:31:32]}
cxd4 {[%clk 1:29:52]} 5. exd4 {[%clk 1:31:49]} d5 {[%clk 1:29:39]} 6. O-O
{[%clk 1:32:05]} Bd6 {[%clk 1:29:41]} 7. Bg5 {[%clk 1:30:34]} O-O {[%clk
1:29:29]} 8. c4 {[%clk 1:29:54]} dxc4 {[%clk 1:28:43]} 9. Bxc4 {[%clk 1:30:14]}
Nbd7 {[%clk 1:27:16]} 10. Nc3 {[%clk 1:28:41]} b6 {[%clk 1:23:34]} 11. Re1
{[%clk 1:24:33]} Bb7 {[%clk 1:21:45]} 12. d5 {[%clk 1:16:33]} exd5 {[%clk
1:09:19]} 13. Nxd5 {[%clk 1:13:20]} h6 {[%clk 0:55:26]} 14. Bh4 {[%clk
1:10:55]} Rc8 {[%clk 0:52:54]} 15. Bb3 {[%clk 1:04:09]} Bxd5 {[%clk 0:43:28]}
16. Bxd5 {[%clk 1:02:54]} Be7 {[%clk 0:38:31]} 17. Bb3 {[%clk 1:01:50]} Re8
{[%clk 0:38:28]} 18. Rc1 {[%clk 0:55:04]} Rxc1 {[%clk 0:37:40]} 19. Qxc1 {[%clk
0:55:27]} Bc5 {[%clk 0:36:23]} 20. h3 {[%clk 0:47:17]} Rxe1 {[%clk 0:35:10]}
21. Qxe1 {[%clk 0:46:13]} Qc7 {[%clk 0:34:34]} 22. Bxf6 {[%clk 0:42:27]} Nxf6
{[%clk 0:34:48]} 23. Ne5 {[%clk 0:42:40]} Bd4 {[%clk 0:25:58]} 24. Nxf7 {[%clk
0:42:00]} Kf8 {[%clk 0:24:25]} 25. Qd2 {[%clk 0:21:06]} Qd7 {[%clk 0:16:04]}
26. Qb4 {[%clk 0:19:24]} Bc5 {[%clk 0:12:21]} 27. Qf4 {[%clk 0:17:32]} Bd4
{[%clk 0:10:13]} 28. Ne5 {[%clk 0:08:42]} Bxe5 {[%clk 0:07:23]} 29. Qxe5 {[%clk
0:09:06]} Qe8 {[%clk 0:07:16]} 30. Qxe8 {[%clk 0:08:42]} Kxe8 {[%clk 0:07:43]}
31. Kf1 {[%clk 0:08:55]} Ke7 {[%clk 0:07:53]} 32. Ke2 {[%clk 0:09:17]} Kd6
{[%clk 0:08:11]} 33. Ke3 {[%clk 0:09:23]} Nd7 {[%clk 0:08:11]} 34. Bc4 {[%clk
0:07:16]} Ke5 {[%clk 0:06:44]} 35. f4 {[%clk 0:07:32]} Kf5 {[%clk 0:06:45]} 36.
g4 {[%clk 0:07:50]} Kf6 {[%clk 0:06:56]} 37. b4 {[%clk 0:07:43]} Ke7 {[%clk
0:03:06]} 38. Ke4 {[%clk 0:07:26]} Nb8 {[%clk 0:02:33]} 39. Kf5 {[%clk
0:06:11]} Nc6 {[%clk 0:02:19]} 40. b5 {[%clk 0:04:51]} Nd4 {[%clk 0:00:47]} 41.
Ke4 {[%clk 0:01:20]} Nc2 {[%clk 0:00:47]} 42. h4 {[%clk 0:24:26]} Ne1 {[%clk
0:28:34]} 43. Bf1 {[%clk 0:24:13]} Nc2 {[%clk 0:26:07]} 44. g5 {[%clk 0:23:58]}
Nb4 {[%clk 0:24:52]} 45. gxh6 {[%clk 0:23:23]} gxh6 {[%clk 0:25:10]} 46. Kf5
{[%clk 0:23:20]} Nd5 {[%clk 0:23:02]} 47. Ke5 {[%clk 0:20:42]} Nf6 {[%clk
0:19:40]} 48. Bc4 {[%clk 0:20:32]} Ng4 {[%clk 0:17:51]} 49. Ke4 {[%clk
0:19:04]} Kd6 {[%clk 0:13:59]} 50. Be2 {[%clk 0:18:52]} Nf6 {[%clk 0:13:24]}
51. Kf5 {[%clk 0:18:37]} Nd5 {[%clk 0:12:46]} 52. Bf3 {[%clk 0:18:40]} Ne3
{[%clk 0:07:15]} 53. Kg6 {[%clk 0:18:34]} Ke6 {[%clk 0:06:31]} 54. f5 {[%clk
0:16:13]} Ke7 {[%clk 0:05:26]} 55. f6 {[%clk 0:16:33]} Kf8 {[%clk 0:05:33]} 56.
Kxh6 {[%clk 0:16:43]} Nc4 {[%clk 0:04:24]} 57. Kg5 {[%clk 0:16:52]} Kf7 {[%clk
0:04:25]} 58. Bd5 {[%clk 0:17:12]} 1-0

[Event "DVM U16 2022"]
[Site "Darmstadt GER"]
[Date "2022.12.28"]
[Round "4"]
[White "Hoffmann, Sophia"]
[Black "Beberhold, Otto Richard"]
[Result "1-0"]
[Termination "normal"]
[Board "10.3"]
[WhiteElo "1352"]
[BlackElo "1553"]
[WhiteClock "00:36:34"]
[BlackClock "01:04:38"]
[WhiteTeam "Karlsruher SF 1853"]
[BlackTeam "SSV Vimaria 91 Weimar"]
[PlyCount "87"]
[WhiteFideId "16259130"]
[BlackFideId "34617248"]
[EventCountry "GER"]
[EventRounds "7"]
[EventType "team-swiss"]
[EventDate "2022.12.26"]

1. d4 {[%clk 1:30:57]} d5 {[%clk 1:30:53]} 2. Nf3 {[%clk 1:31:22]} e6 {[%clk
1:31:18]} 3. Bf4 {[%clk 1:31:46]} f5 {[%clk 1:30:56]} 4. e3 {[%clk 1:32:05]}
Nf6 {[%clk 1:31:17]} 5. Bd3 {[%clk 1:32:22]} Bd6 {[%clk 1:31:27]} 6. O-O {[%clk
1:32:43]} Bxf4 {[%clk 1:30:16]} 7. exf4 {[%clk 1:33:05]} O-O {[%clk 1:30:35]}
8. Re1 {[%clk 1:33:27]} Ne4 {[%clk 1:30:38]} 9. Nbd2 {[%clk 1:32:51]} Bd7
{[%clk 1:28:25]} 10. Ne5 {[%clk 1:32:06]} Rf6 {[%clk 1:26:35]} 11. Ndf3 {[%clk
1:22:30]} Be8 {[%clk 1:23:26]} 12. Ng5 {[%clk 1:20:15]} Rh6 {[%clk 1:21:43]}
13. Bxe4 {[%clk 1:08:22]} dxe4 {[%clk 1:20:34]} 14. f3 {[%clk 1:07:23]} exf3
{[%clk 1:10:43]} 15. Nexf3 {[%clk 1:06:41]} Qd6 {[%clk 1:09:10]} 16. d5 {[%clk
1:01:08]} Bd7 {[%clk 1:06:38]} 17. dxe6 {[%clk 0:58:51]} Qb6 {[%clk 1:06:25]}
18. Qd4 {[%clk 0:54:25]} Bxe6 {[%clk 1:05:03]} 19. Qxb6 {[%clk 0:53:47]} axb6
{[%clk 1:05:19]} 20. Rxe6 {[%clk 0:53:54]} Rxe6 {[%clk 1:05:30]} 21. Nxe6
{[%clk 0:54:19]} Na6 {[%clk 1:05:20]} 22. Rd1 {[%clk 0:52:36]} Kf7 {[%clk
1:05:30]} 23. Nxc7 {[%clk 0:50:50]} Rc8 {[%clk 1:04:16]} 24. Nxa6 {[%clk
0:50:09]} bxa6 {[%clk 1:04:41]} 25. Rd6 {[%clk 0:49:49]} Rxc2 {[%clk 1:04:00]}
26. Rxb6 {[%clk 0:49:54]} a5 {[%clk 1:03:48]} 27. Ng5 {[%clk 0:47:29]} Ke8
{[%clk 1:03:52]} 28. Nxh7 {[%clk 0:47:30]} Rc1 {[%clk 1:04:00]} 29. Kf2 {[%clk
0:47:53]} Ra1 {[%clk 1:04:12]} 30. a3 {[%clk 0:47:20]} Rh1 {[%clk 1:04:32]} 31.
Kg3 {[%clk 0:47:21]} Rd1 {[%clk 1:04:29]} 32. Rb5 {[%clk 0:44:58]} Rd3 {[%clk
1:04:33]} 33. Kh4 {[%clk 0:44:55]} Rd2 {[%clk 1:04:29]} 34. Kh3 {[%clk
0:44:56]} Kf7 {[%clk 1:04:28]} 35. Ng5 {[%clk 0:44:47]} Kg6 {[%clk 1:04:34]}
36. Rxa5 {[%clk 0:39:12]} Rxb2 {[%clk 1:04:42]} 37. a4 {[%clk 0:37:51]} Rb4
{[%clk 1:05:06]} 38. g3 {[%clk 0:37:08]} Kh5 {[%clk 1:05:03]} 39. Ra8 {[%clk
0:36:32]} Rb6 {[%clk 1:04:30]} 40. a5 {[%clk 0:36:28]} Rh6 {[%clk 1:04:11]} 41.
a6 {[%clk 0:36:11]} Kg6 {[%clk 1:04:06]} 42. Kg2 {[%clk 0:36:31]} Kh5 {[%clk
1:04:15]} 43. a7 {[%clk 0:36:36]} Ra6 {[%clk 1:04:38]} 44. Rh8 {[%clk 0:36:34]}
1-0

[Event "DVM U16 2022"]
[Site "Darmstadt GER"]
[Date "2022.12.28"]
[Round "4"]
[White "Roth, Andreas Christian"]
[Black "Kossert, Simon"]
[Result "1-0"]
[Termination "normal"]
[Board "10.4"]
[WhiteElo "1306"]
[BlackElo "1299"]
[WhiteClock "00:31:10"]
[BlackClock "00:33:13"]
[WhiteTeam "SSV Vimaria 91 Weimar"]
[BlackTeam "Karlsruher SF 1853"]
[PlyCount "35"]
[WhiteFideId "34617086"]
[BlackFideId "16283287"]
[EventCountry "GER"]
[EventRounds "7"]
[EventType "team-swiss"]
[EventDate "2022.12.26"]

1. d4 {[%clk 1:30:58]} Nf6 {[%clk 1:30:55]} 2. Nf3 {[%clk 1:31:16]} g6 {[%clk
1:31:19]} 3. Nc3 {[%clk 1:31:11]} d5 {[%clk 1:31:31]} 4. Bf4 {[%clk 1:29:56]}
Bg7 {[%clk 1:29:32]} 5. Qd2 {[%clk 1:29:08]} Ne4 {[%clk 1:18:18]} 6. Nxe4
{[%clk 1:22:32]} dxe4 {[%clk 1:18:16]} 7. Ne5 {[%clk 1:20:49]} c5 {[%clk
1:05:20]} 8. e3 {[%clk 1:11:21]} Nc6 {[%clk 1:01:53]} 9. Bb5 {[%clk 1:05:08]}
Bd7 {[%clk 0:46:19]} 10. Nxd7 {[%clk 1:00:03]} Qxd7 {[%clk 0:46:41]} 11. d5
{[%clk 0:50:05]} O-O-O {[%clk 0:45:45]} 12. O-O-O {[%clk 0:49:08]} Qf5 {[%clk
0:45:24]} 13. Bxc6 {[%clk 0:47:21]} bxc6 {[%clk 0:43:52]} 14. Qa5 {[%clk
0:43:16]} Qd7 {[%clk 0:41:57]} 15. Qxc5 {[%clk 0:38:41]} Kb7 {[%clk 0:33:59]}
16. dxc6 {[%clk 0:34:00]} Qxc6 {[%clk 0:33:55]} 17. Qxe7 {[%clk 0:33:40]} Kc8
{[%clk 0:33:13]} 18. Qxa7 {[%clk 0:31:10]} 1-0